000 00851nas a2200301 4500
001 BR0201509
003 BR-BrBNA
005 20231205102820.0
007 ta
008 230509b bl.|||p| |||| 00| 00por d
040 _aBR-BrBNA
_bpor
_cBiblioteca Nacional de Agricultura
041 _a(Pt)
072 _aL02
100 1 _aLopes, A.B.R. de C.
100 1 _aBerto, D.A.
100 1 _aHenrique, M.
100 1 _aMuniz, B.
100 1 _aPadovani, C.R.
245 1 _aSilagem de grãos úmidos de milho para suínos na fase inicial dos 8 aos 30 kg
650 _aSUÍNO
650 _aSilagem
650 _aMilho
650 _aRação
650 _aDiarreia
773 0 _tBoletim de Indústria Animal (Brazil)
_xISSN 0067-9615
_g(2001), v. 58(2) p. 181-190
_wBR0201509
909 _a202311
_bLúcia
_c55
_dLúcia Elande
942 _2AGRIS
_n0
_cANA
999 _c169479
_d169479